Films avec François Civil - Statistiques

Statistiques générales
  • Ce quiz a été pris 85 fois
  • Le résultat moyen est 7 sur 13
Answers on the Grid
Answers color-coded by a green-red scale on the quiz's grid according to % correct below.
Five
Le Comte de Monte-Cristo
L'Amour Ouf
Deux Moi
Boîte Noire
Ce Qui Nous Lie
Nos Batailles
En Corps
Les Profs 2
Bac Nord
OSS 117 : Alerte Rouge en Afrique Noire
Hors Normes
Les Trois Mousquetaires
Celle Que Vous Croyez
L'Innocent
Novembre
Le Chant Du Loup
Bis Repetita
Anatomie D'Une Chute
Juste La Fin Du Monde
Mon Inconnue
Le Grand Bain
Burn Out
Nous Les Leroy
Pas De Vagues
Une Zone A Défendre
Tellement Proches
Un Métier Sérieux
Avignon
Graine de pivoine
 
Statistiques - réponses
Réponse % Correct
L'Amour Ouf
92%
Five
88%
Bac Nord
78%
Les Trois Mousquetaires
73%
Le Chant Du Loup
63%
Mon Inconnue
63%
Deux Moi
56%
Ce Qui Nous Lie
36%
Une Zone A Défendre
36%
Pas De Vagues
32%
Burn Out
25%
En Corps
25%
Celle Que Vous Croyez
5%
Aucun quiz correspondant
Distribution des résultats
% des personnes avec chaque résultat
Percentile par nombre de réponses
Votre historique - résultats
Vous n’avez pas pris ce quiz